000
00304nam a22001217a 4500
020
_a
0-538-19570-3
082
_a
659.111 NYL'A
100
_a
NYLEN, DAVID W
_9
75975
245
_a
ADVERTISING PLANNING IMPLEMENTATION AND CONTROL
260
_a
ENGLAND
_b
SOUTH WESTERN
_c
1975
300
_a
598P
942
_c
BK
999
_c
581379
_d
581379